001820000a2200085000450000500170000024500270001704000080004465000180005265000260007020120302060254.0 a Paatanjal Yog Darshan aMAR aPravas Varnan aPaatanjal Yog Darshan